The Art of Profitability : (Record no. 595432)

MARC details
000 -LEADER
fixed length control field 00483nam a2200193 a 4500
008 - FIXED-LENGTH DATA ELEMENTS--GENERAL INFORMATION
fixed length control field 251103s2003##################000#0#eng##
020 ## - INTERNATIONAL STANDARD BOOK NUMBER
ISBN 9780446692274
082 04 - DEWEY DECIMAL CLASSIFICATION NUMBER
Classification number 658.155
Item number SLY
100 1# - MAIN ENTRY--AUTHOR NAME
Personal name Slywotzky, Adrian,
245 10 - TITLE STATEMENT
Title The Art of Profitability :
260 ## - PUBLICATION, DISTRIBUTION, ETC. (IMPRINT)
Name of publisher Business Plus,
Year of publication 2003.
300 ## - PHYSICAL DESCRIPTION
Number of Pages 272 pages
650 #0 - SUBJECT ADDED ENTRY--TOPICAL TERM
Topical Term Business & Economics.
942 ## - ADDED ENTRY ELEMENTS (KOHA)
Koha item type English Books
Holdings
Withdrawn status Lost status Damaged status Not for loan Home library Current library Shelving location Date acquired Full call number Accession Number Price effective from Koha item type
        Anna Centenary Library Anna Centenary Library 6TH FLOOR, A WING 03.11.2025 658.155 SLY 363217 03.11.2025 English Books

Find us on the map